[Event "ARM-ch 1st League 80th"]
[Site "Yerevan"]
[Date "2017.08.20"]
[Round "11"]
[White "Mkrtchyan, Eduard"]
[Black "Kalashian, David"]
[Result "0-1"]
[WhiteElo "2203"]
[BlackElo "2389"]
[PlyCount "76"]
[EventDate "2017.08.09"]
[EventType "tourn"]
[EventRounds "13"]
[EventCountry "ARM"]
[EventCategory "7"]
[SourceTitle "CBM 180 Extra"]
[Source "ChessBase"]
[SourceDate "2017.10.06"]
[SourceVersion "1"]
[SourceVersionDate "2017.10.06"]
[SourceQuality "1"]

1. d4 Nf6 2. Nf3 e6 3. c4 b6 4. g3 Ba6 5. Qc2 Bb4+ 6. Bd2 Be7 7. e4 d5 8. cxd5 Bxf1 9. Kxf1 exd5 10. e5 Ne4 11. Nc3 Nxc3 12. bxc3 Qd7 13. Kg2 Nc6 14. Rae1 Nd8 15. Bg5 Ne6 16. Bxe7 Qxe7 17. Nh4 g6 18. Qd3 0-0-0 19. a4 Kb7 20. a5 Qxh4 21. a6+ Kb8 22. Qb5 c6 23. Qxc6 Qe7 24. Qa4 Qd7 25. Qa3 Rc8 26. Rb1 Rc6 27. f4 Rhc8 28. Rb3 Qc7 29. Rf1 Rxc3 30. Rxc3 Qxc3 31. Qd6+ Rc7 32. Qxd5 Qxd4 33. Qf3 Qc3 34. Qg4 h5 35. Qh3 Qd2+ 36. Kh1 Rc2 37. g4 Nxf4 38. Qf3 Qxh2# 0-1

[Event "ARM-ch 1st League 80th"]
[Site "Yerevan"]
[Date "2017.08.19"]
[Round "10"]
[White "Shahinyan, David"]
[Black "Mkrtchyan, Eduard"]
[Result "1-0"]
[WhiteElo "2428"]
[BlackElo "2203"]
[PlyCount "69"]
[EventDate "2017.08.09"]
[EventType "tourn"]
[EventRounds "13"]
[EventCountry "ARM"]
[EventCategory "7"]
[SourceTitle "CBM 180 Extra"]
[Source "ChessBase"]
[SourceDate "2017.10.06"]
[SourceVersion "1"]
[SourceVersionDate "2017.10.06"]
[SourceQuality "1"]

1. g3 d5 2. Nf3 Nf6 3. Bg2 c5 4. 0-0 Nc6 5. d3 e5 6. Nbd2 Be7 7. e4 dxe4 8. dxe4 0-0 9. Qe2 Ne8 10. Nc4 Qc7 11. c3 Be6 12. Ne3 Rd8 13. h4 Qb8 14. Nf5 f6 15. h5 Nd6 16. N3h4 Rf7 17. Qg4 Nxf5 18. exf5 Bd5 19. Bh3 e4 20. Bf4 Ne5 21. Bxe5 Qxe5 22. Rfe1 Bf8 23. Bg2 Re8 24. Ng6 hxg6 25. hxg6 Rd7 26. Qh5 Bd6 27. Rad1 c4 28. f4 Bc5+ 29. Kh2 Qc7 30. Rxd5 Rxd5 31. Qh7+ Kf8 32. Qh8+ Ke7 33. Rxe4+ Re5 34. Qxg7+ Kd8 35. Qxc7+ 1-0

[Event "ARM-ch 1st League 80th"]
[Site "Yerevan"]
[Date "2017.08.17"]
[Round "8"]
[White "Petrosyan, Manuel"]
[Black "Mkrtchyan, Eduard"]
[Result "1-0"]
[WhiteElo "2565"]
[BlackElo "2203"]
[PlyCount "63"]
[EventDate "2017.08.09"]
[EventType "tourn"]
[EventRounds "13"]
[EventCountry "ARM"]
[EventCategory "7"]
[SourceTitle "CBM 180 Extra"]
[Source "ChessBase"]
[SourceDate "2017.10.06"]
[SourceVersion "1"]
[SourceVersionDate "2017.10.06"]
[SourceQuality "1"]

1. d4 d5 2. Nf3 Nf6 3. c4 e6 4. g3 Be7 5. Bg2 0-0 6. 0-0 b6 7. cxd5 exd5 8. Nc3 Bb7 9. Bg5 Ne4 10. Bxe7 Qxe7 11. Rc1 Nd7 12. e3 Ndf6 13. Qc2 Rfd8 14. Nxe4 dxe4 15. Nd2 c5 16. dxc5 Rac8 17. b4 a5 18. Nc4 bxc5 19. b5 Qc7 20. Rfd1 Rd3 21. Bf1 Nd5 22. a3 Rc3 23. Qb2 Rxc1 24. Rxc1 a4 25. b6 Qb8 26. Na5 Qa8 27. Qb5 h5 28. Rxc5 Rd8 29. Bc4 Nc3 30. Bxf7+ Kxf7 31. Qc4+ Rd5 32. Nxb7 1-0

[Event "ARM-ch 1st League 80th"]
[Site "Yerevan"]
[Date "2017.08.15"]
[Round "7"]
[White "Mkrtchyan, Eduard"]
[Black "Hayrapetyan, Hovik"]
[Result "0-1"]
[WhiteElo "2203"]
[BlackElo "2502"]
[PlyCount "142"]
[EventDate "2017.08.09"]
[EventType "tourn"]
[EventRounds "13"]
[EventCountry "ARM"]
[EventCategory "7"]
[SourceTitle "CBM 180 Extra"]
[Source "ChessBase"]
[SourceDate "2017.10.06"]
[SourceVersion "1"]
[SourceVersionDate "2017.10.06"]
[SourceQuality "1"]

1. d4 Nf6 2. c4 g6 3. Nc3 c5 4. d5 Bg7 5. Nf3 0-0 6. e4 e6 7. Be2 exd5 8. cxd5 Re8 9. Nd2 a6 10. a4 d6 11. 0-0 Nbd7 12. Qc2 Qe7 13. Ra3 Rb8 14. a5 Ne5 15. Na4 Bd7 16. Nb6 Bb5 17. Re1 Nfd7 18. f4 Nxb6 19. fxe5 Nd7 20. exd6 Qxd6 21. Nf3 c4 22. Bd2 Qc5+ 23. Kh1 Nf6 24. b4 Qf8 25. Bxc4 Rbc8 26. Rc3 Nxe4 27. Bxb5 Nf2+ 28. Kg1 Rxe1+ 29. Bxe1 Bxc3 30. Bd7 Nh3+ 31. Kf1 Rc7 32. Bxh3 Qxb4 33. d6 Qxd6 34. Bf2 Bxa5 35. Qb1 Qc6 36. Be3 Qc2 37. Qxc2 Rxc2 38. Nd4 Rb2 39. Bf4 Bb6 40. Nf3 a5 41. Be5 Rc2 42. Ke1 Bc7 43. Kd1 Rc6 44. Bb2 b5 45. Nd4 Rc5 46. Ke2 Bxh2 47. Kd3 Bc7 48. Bd7 b4 49. Ba4 h5 50. Nf3 Bd8 51. Bb3 Rc7 52. Be5 Rd7+ 53. Ke4 Kh7 54. Bd4 f6 55. Ba4 Rd6 56. Bc5 Ra6 57. Kd5 f5 58. Nd4 Bb6 59. Bb5 Bxc5 60. Bxa6 Bxd4 61. Kxd4 Kh6 62. Kc4 Kg5 63. Bb7 Kf4 64. Bd5 g5 65. Kb5 Kg3 66. Kxa5 b3 67. Bxb3 Kxg2 68. Kb4 f4 69. Kc3 g4 70. Kd2 Kf2 71. Be6 g3 0-1

[Event "ARM-ch 1st League 80th"]
[Site "Yerevan"]
[Date "2017.08.12"]
[Round "4"]
[White "Sargsyan, Shant"]
[Black "Mkrtchyan, Eduard"]
[Result "1-0"]
[WhiteElo "2416"]
[BlackElo "2203"]
[PlyCount "79"]
[EventDate "2017.08.09"]
[EventType "tourn"]
[EventRounds "13"]
[EventCountry "ARM"]
[EventCategory "7"]
[SourceTitle "CBM 180 Extra"]
[Source "ChessBase"]
[SourceDate "2017.10.06"]
[SourceVersion "1"]
[SourceVersionDate "2017.10.06"]
[SourceQuality "1"]

1. d4 d5 2. c4 e6 3. Nf3 Nf6 4. g3 b6 5. Bg2 Bb7 6. cxd5 exd5 7. 0-0 Be7 8. Nc3 0-0 9. Ne5 Nbd7 10. Qa4 Qe8 11. Nxd7 Qxd7 12. Qxd7 Nxd7 13. Bxd5 Bxd5 14. Nxd5 Bd8 15. Be3 c6 16. Nb4 Rc8 17. Rac1 Nb8 18. Bf4 a5 19. Nd3 Nd7 20. Rc2 Bf6 21. Rfc1 Bxd4 22. Rxc6 Rxc6 23. Rxc6 Nc5 24. Bd6 Nxd3 25. Bxf8 Bxf2+ 26. Kg2 Kxf8 27. exd3 Bd4 28. Rd6 Bc5 29. Rd7 Ke8 30. Rb7 h5 31. Kf3 g5 32. g4 hxg4+ 33. Kxg4 f6 34. Kf5 Bd4 35. b3 Kd8 36. h3 Kc8 37. Rf7 b5 38. a4 bxa4 39. bxa4 Kd8 40. Rxf6 1-0